Soziologie der Gewalt

Saved in:  
Bibliographic Details
Contributors: Trotha, Trutz von 1946-2013 (Editor)
Format: Print Book
Language:German
Published: Opladen {[u.a.] Westdt. Verl. 1997
In: Kölner Zeitschrift für Soziologie und Sozialpsychologie / Sonderhefte (37)
Year: 1997
Online Access: Table of Contents
Table of Contents
Check availability: HBZ Gateway
Subito Delivery Service: Order now.
Keywords:

MARC

LEADER 00000cam a2200000 c 4500
001 238764311
003 DE-627
005 20260206193259.0
007 tu
008 980115s1997 gw ||||| 00| ||ger c
015 |a 98,N04,0119  |2 dnb 
015 |a 98,A11,0282  |2 dnb 
016 7 |a 952621215  |2 DE-101 
020 |a 3531131370  |c kart. : DM 46.00, DM 42.50, S 336.00  |9 3-531-13137-0 
024 3 |a 9783531131375 
035 |a (DE-627)238764311 
035 |a (DE-603)055250106 
035 |a (DE-576)063735296 
035 |a (DE-599)DNB952621215 
035 |a (OCoLC)245732721 
035 |a (OCoLC)245732721 
035 |a (AT-OBV)AC02244991 
035 |a (DE-615)00655082 
035 |a (DE-H357)his17318 
040 |a DE-627  |b ger  |c DE-627  |e rakwb 
041 |a ger 
044 |c XA-DE  |c XA-DE-NW 
082 0 4 |a 14  |q dnb 
084 |a S 230  |2 sfb 
084 |a 14  |2 sdnb 
084 |a 14  |a 16  |2 sdnb 
084 |a RS  |2 fivr 
084 |a SF06  |2 fivs 
084 |a 1  |2 ssgn 
084 |a PH 8700  |2 rvk  |0 (DE-625)rvk/136515: 
084 |a MS 6380  |2 rvk  |0 (DE-625)rvk/123753: 
084 |a CV 3500  |2 rvk  |0 (DE-625)rvk/19155: 
084 |a MS 6440  |2 rvk  |0 (DE-625)rvk/123755: 
084 |a MS 4760  |2 rvk  |0 (DE-625)rvk/123715: 
084 |a CP 3500  |2 rvk  |0 (DE-625)rvk/18979: 
084 |a MP 2000  |2 rvk  |0 (DE-625)rvk/123404: 
084 |a MS 4450  |2 rvk  |0 (DE-625)rvk/123703: 
084 |a MN 1000  |2 rvk  |0 (DE-625)rvk/123401: 
084 |a 71.64  |2 bkl 
084 |a 71.65  |2 bkl 
084 |a 71.79  |2 bkl 
084 |a 71.31  |2 bkl 
084 |a 71.37  |2 bkl 
084 |a 71.35  |2 bkl 
245 0 0 |a Soziologie der Gewalt  |c hrsg. von Trutz von Trotha 
264 1 |a Opladen {[u.a.]  |b Westdt. Verl.  |c 1997 
300 |a 408 S.  |b graph. Darst.  |c 23 cm 
336 |a Text  |b txt  |2 rdacontent 
337 |a ohne Hilfsmittel zu benutzen  |b n  |2 rdamedia 
338 |a Band  |b nc  |2 rdacarrier 
490 1 |a Kölner Zeitschrift für Soziologie und Sozialpsychologie  |a Sonderhefte  |v 37 
505 8 |a Literaturangaben 
505 8 |a Literaturangaben 
505 8 |a Literaturangaben 
505 8 |a Literaturangaben 
583 1 |a Archivierung/Langzeitarchivierung gewährleistet  |f SSG  |x XA-DE-BW  |2 pdager  |5 DE-21 
650 4 |a Gewalt 
650 4 |a Ethnischer Konflikt 
650 4 |a Mafia 
650 4 |a Politischer Mord 
650 4 |a Jugendliche 
650 4 |a Jugend 
650 4 |a Todesstrafe 
650 4 |a Medien 
650 4 |a Jugoslawien 
650 4 |a Krieg 
650 4 |a Gewalt 
650 4 |a Soziologie 
650 4 |a Ethnie 
650 4 |a Kriminalität 
650 4 |a Krieg 
650 4 |a Attentat 
655 7 |a Aufsatzsammlung  |0 (DE-588)4143413-4  |0 (DE-627)105605727  |0 (DE-576)209726091  |2 gnd-content 
689 0 0 |d s  |0 (DE-588)4020832-1  |0 (DE-627)10631663X  |0 (DE-576)208934979  |a Gewalt  |2 gnd 
689 0 1 |d s  |0 (DE-588)4077624-4  |0 (DE-627)104152036  |0 (DE-576)209205849  |a Soziologie  |2 gnd 
689 0 |5 DE-101 
700 1 |a Trotha, Trutz von  |d 1946-2013  |e Hrsg.  |0 (DE-588)130574155  |0 (DE-627)503831956  |0 (DE-576)163352399  |4 edt 
830 0 |a Kölner Zeitschrift für Soziologie und Sozialpsychologie / Sonderhefte  |v 37  |9 37  |w (DE-627)129473820  |w (DE-576)014851598  |w (DE-600)202953-4  |x 0454-1340  |7 am 
856 4 2 |u http://www.gbv.de/dms/hebis-darmstadt/toc/55250106.pdf  |m V:DE-603  |m B:DE-17  |q pdf/application  |x Verlag  |y Inhaltsverzeichnis  |3 Inhaltsverzeichnis  |7 1 
856 4 2 |u http://scans.hebis.de/HEBCGI/show.pl?05525010_toc.pdf  |m V:DE-603;B:DE-17  |q application/pdf  |3 Inhaltsverzeichnis  |7 1 
935 |a mteo  |a GIRA 
935 |i Blocktest 
935 |h HEB  |i 0501 
935 |h HEB  |i 0503 
936 r v |a PH 8700  |b Allgemeines, Theorie, Struktur  |k Rechtswissenschaft  |k Strafrecht, Strafverfahrensrecht, Kriminologie  |k Kriminologie  |k Einzelne Deliktsgruppen  |k Gewaltkriminalität, Gewaltdelikt  |k Allgemeines, Theorie, Struktur  |0 (DE-627)1271675056  |0 (DE-625)rvk/136515:  |0 (DE-576)201675056 
936 r v |a MS 6380  |b Kriminalität, Gefängnis, Erziehungsheim  |k Soziologie  |k Spezielle Soziologien  |k Soziale Probleme  |k Kriminalität, Gefängnis, Erziehungsheim  |0 (DE-627)1271441438  |0 (DE-625)rvk/123753:  |0 (DE-576)201441438 
936 r v |a CV 3500  |b Interpersonelle Kommunikation (verbale und nonverbale Kommunikation)  |k Psychologie  |k Sozialpsychologie  |k Interpersonelle Kommunikation (verbale und nonverbale Kommunikation)  |0 (DE-627)1437673694  |0 (DE-625)rvk/19155:  |0 (DE-576)36767369X 
936 r v |a MS 6440  |b Einzelprobleme (Armut etc.)  |k Soziologie  |k Spezielle Soziologien  |k Soziale Probleme  |k Einzelprobleme (Armut etc.)  |0 (DE-627)1270917900  |0 (DE-625)rvk/123755:  |0 (DE-576)200917900 
936 r v |a MS 4760  |b Politische Bewegungen, Revolution, Außerparlamentarische Opposition (APO)  |k Soziologie  |k Spezielle Soziologien  |k Politische Soziologie  |k Politische Bewegungen, Revolution, Außerparlamentarische Opposition (APO)  |0 (DE-627)1271374587  |0 (DE-625)rvk/123715:  |0 (DE-576)201374587 
936 r v |a CP 3500  |b Zusammenfassendes und allgemeine Darstellungen  |k Psychologie  |k Allgemeine Psychologie  |k Konflikt, Angst, Aggression, Frustration, Stress  |k Zusammenfassendes und allgemeine Darstellungen  |0 (DE-627)1429797266  |0 (DE-625)rvk/18979:  |0 (DE-576)359797261 
936 r v |a MP 2000  |b Sonderhefte und Sonderdrucke (soweit nicht fachlich zuzuordnen)  |k Soziologie  |k Handbücher und Nachschlagewerke  |k Sonderhefte und Sonderdrucke (soweit nicht fachlich zuzuordnen)  |0 (DE-627)1271427303  |0 (DE-625)rvk/123404:  |0 (DE-576)201427303 
936 r v |a MS 4450  |b Herrschaft, Macht, Autorität, Gewalt  |k Soziologie  |k Spezielle Soziologien  |k Politische Soziologie  |k Herrschaft, Macht, Autorität, Gewalt  |0 (DE-627)1271441128  |0 (DE-625)rvk/123703:  |0 (DE-576)201441128 
936 r v |a MN 1000  |b Zeitschriften  |k Soziologie  |k Zeitschriften  |0 (DE-627)1399012843  |0 (DE-625)rvk/123401:  |0 (DE-576)329012843 
936 b k |a 71.64  |j Abweichendes Verhalten  |0 (DE-627)106416146 
936 b k |a 71.65  |j Kriminalität als soziales Problem  |0 (DE-627)106412248 
936 b k |a 71.79  |j Soziale Fragen  |j soziale Konflikte: Sonstiges  |0 (DE-627)106412159 
936 b k |a 71.31  |j Geschlechter und ihr Verhalten  |0 (DE-627)106412655 
936 b k |a 71.37  |j Ethnosoziologie  |0 (DE-627)106412701 
936 b k |a 71.35  |j Kindersoziologie  |j Jugendsoziologie  |0 (DE-627)106412698 
936 f i |0 (DE-627)1756134723  |a RS  |b Ohne direkten Regionalbezug  |k Ohne direkten Regionalbezug  |2 fivr 
936 f i |0 (DE-627)1756135819  |a SF06  |b Innere Sicherheit/Innerstaatlicher Konflikt  |k Staat  |k Innere Sicherheit/Innerstaatlicher Konflikt  |2 fivs 
936 s n |a c200  |2 mzub 
936 s n |a m200  |2 mzub 
936 s n |a m100  |2 mzub 
938 1 0 |0 (DE-627)1756145407  |0 (DE-615)6603626  |a Innere Sicherheit  |2 fivt 
938 1 0 |0 (DE-627)1756171548  |0 (DE-615)6606826  |a Gewalttätigkeit  |2 fivt 
938 1 0 |0 (DE-627)1756188696  |0 (DE-615)6607824  |a Gewaltverbrechen  |2 fivt 
938 1 0 |0 (DE-627)1756181535  |0 (DE-615)6605496  |a Evaluation  |2 fivt 
938 1 0 |0 (DE-627)1756178089  |0 (DE-615)6608640  |a Soziologie  |2 fivt 
938 1 0 |0 (DE-627)1756179948  |0 (DE-615)6610319  |a Politische Soziologie  |2 fivt 
938 1 1 |0 (DE-627)1756172455  |0 (DE-615)6609137  |a Gewalt gegen Frauen  |2 fiva 
938 1 1 |0 (DE-627)1756172463  |0 (DE-615)6609121  |a Gewalt gegen Kinder  |2 fiva 
938 1 1 |0 (DE-627)1756188696  |0 (DE-615)6607824  |a Gewaltverbrechen  |2 fiva 
938 1 1 |0 (DE-627)1756211930  |0 (DE-615)6607683  |a Gewaltmonopol  |2 fiva 
938 1 1 |0 (DE-627)1756201234  |0 (DE-615)6600611  |a Staat  |2 fiva 
938 1 1 |0 (DE-627)175616374X  |0 (DE-615)6601881  |a Legitimität/Legitimation  |2 fiva 
938 1 1 |0 (DE-627)1756180172  |0 (DE-615)6604522  |a Todesstrafe  |2 fiva 
938 1 1 |0 (DE-627)1756151784  |0 (DE-615)6605099  |a Politische Meinung/Einstellung  |2 fiva 
938 1 1 |0 (DE-627)175617492X  |0 (DE-615)6609265  |a Politisch motivierte Gewaltanwendung  |2 fiva 
938 1 1 |0 (DE-627)1756192928  |0 (DE-615)6609116  |a Organisierte Kriminalität  |2 fiva 
938 1 1 |0 (DE-627)1756238456  |0 (DE-615)6606446  |a Perzeption  |2 fiva 
951 |a BO 
ELC |b 1 
LOK |0 000 xxxxxcx a22 zn 4500 
LOK |0 001 3228413098 
LOK |0 003 DE-627 
LOK |0 004 238764311 
LOK |0 005 20141023114500 
LOK |0 008 141023||||||||||||||||ger||||||| 
LOK |0 040   |a DE-21-110  |c DE-627  |d DE-21-110 
LOK |0 852   |z Kein Bestand am IfK; Nachweis für KrimDok 
LOK |0 852   |a DE-21-110 
LOK |0 852 1  |m v  |9 00 
LOK |0 938   |k v 
LOK |0 939   |a 23-10-14  |b l01 
ORI |a SA-MARC-krimdoka001.raw